000 00257nam a2200109Ia 4500
008 190216s9999||||xx |||||||||||||| ||und||
100 _aVenkataramanan
245 0 _aManagement Accounting
260 _bA.V.Chand & Company
_c1968
300 _a239p
942 _cBK
999 _c4906
_d4906